| 000 | 00606 a2200193 4500 | ||
|---|---|---|---|
| 010 | _aENG-85751 | ||
| 020 |
_a8190363484 _c150.00 |
||
| 035 | _aEN-69284 | ||
| 037 | _bD.B.Act / Pub | ||
| 082 | 1 | 4 | _a305.31 |
| 090 |
_c3404 _d3404 |
||
| 100 | 1 | _aRoy, Rahul | |
| 245 | 1 |
_aA little book on men _cby Rahul Roy |
|
| 260 |
_aNew Delhi _bYoda Press _c2007 |
||
| 270 |
_aG-93, Connaught Circus _bNew Delhi _cDelhi _e110 001 |
||
| 300 |
_a72p. _bill. (some col.), 1 col. map ; _c24cm |
||
| 942 |
_adpl _cEN _k305.31 / ROY |
||
| 999 |
_c3337 _d3337 |
||